[Event "CP-2016-P-00027"]
[Site "LSS email"]
[Date "2016.09.27"]
[Round "?"]
[White "Nowak, Adam"]
[Black "Admakin, Vladimir"]
[Result "1/2-1/2"]
[WhiteElo "2172"]
[BlackElo "1620"]
[PlyCount "104"]
[EventDate "2016.10.01"]
[EventType "tourn (corr)"]
[EventRounds "6"]
[EventCountry "GER"]
[SourceTitle "Corr 2022"]
[Source "ChessBase"]
[SourceDate "2021.10.24"]
[SourceVersion "1"]
[SourceVersionDate "2021.10.24"]
[SourceQuality "1"]

1. d4 Nf6 2. c4 e6 3. Nf3 b6 4. g3 Ba6 5. b3 Bb4+ 6. Bd2 Be7 7. Nc3 0-0 8. Bg2 c6 9. e4 d5 10. exd5 cxd5 11. Ne5 Bb7 12. 0-0 Nc6 13. Bf4 Na5 14. Rc1 Rc8 15. Qe2 Bb4 16. Rfd1 Re8 17. Na4 dxc4 18. Bxb7 Nxb7 19. bxc4 Bf8 20. Nc3 Na5 21. Nb5 a6 22. Nc3 Qe7 23. Na4 Qb4 24. Nb2 Qe7 25. Nbd3 Nd7 26. Nxd7 Qxd7 27. c5 Qb7 28. Rb1 e5 29. Bxe5 f6 30. a4 Kh8 31. Rxb6 Qd5 32. Nb4 Qb3 33. Nxa6 Qxa4 34. Rb4 Qa3 35. Rd3 Qc1+ 36. Qd1 Qxd1+ 37. Rxd1 fxe5 38. d5 Red8 39. Ra1 Bxc5 40. Rb5 Rxd5 41. Rbxa5 Kg8 42. Kg2 Bd4 43. Rxd5 Bxa1 44. Nc5 Rc6 45. Ne4 h6 46. Rd8+ Kh7 47. h4 h5 48. f3 g6 49. Kh3 Kg7 50. Rd7+ Kg8 51. Ng5 Ra6 52. Re7 Bd4 1/2-1/2

[Event "CP-2016-P-00027"]
[Site "LSS email"]
[Date "2016.09.27"]
[Round "?"]
[White "Nowak, Adam"]
[Black "Habes, Jiri"]
[Result "1/2-1/2"]
[WhiteElo "2172"]
[BlackElo "1760"]
[PlyCount "117"]
[EventDate "2016.10.01"]
[EventType "tourn (corr)"]
[EventRounds "6"]
[EventCountry "GER"]
[SourceTitle "Corr 2022"]
[Source "ChessBase"]
[SourceDate "2021.10.24"]
[SourceVersion "1"]
[SourceVersionDate "2021.10.24"]
[SourceQuality "1"]

1. d4 d5 2. c4 e6 3. Nf3 Nf6 4. Bg5 Be7 5. e3 h6 6. Bh4 0-0 7. Nc3 Nbd7 8. Rc1 b6 9. cxd5 exd5 10. Bd3 Bb7 11. 0-0 Ne4 12. Bxe7 Qxe7 13. b4 Qxb4 14. Nxe4 dxe4 15. Rxc7 exf3 16. Rxb7 fxg2 17. Re1 Qd6 18. Be4 Rfb8 19. Rxb8+ Rxb8 20. Qc2 Nf6 21. Bxg2 Qa3 22. Rc1 Rd8 23. Qc4 Ne8 24. Rc2 Qe7 25. h3 Nd6 26. Qb4 Rc8 27. Rxc8+ Nxc8 28. Qc3 Qd8 29. Qc6 Nd6 30. e4 b5 31. Qd5 Qc7 32. Bf1 Qe7 33. Qa8+ Kh7 34. e5 Nc4 35. Bg2 Qa3 36. Qe4+ g6 37. Qf4 Qe7 38. Bc6 a6 39. a4 b4 40. Bd5 Na5 41. Bxf7 Kg7 42. Bd5 Qg5+ 43. Qxg5 hxg5 44. Kg2 b3 45. Kf3 b2 46. Ba2 Nc4 47. Ke4 Nd2+ 48. Kd5 Nb3 49. Bb1 Kf7 50. Bd3 Nc1 51. Bc2 Nb3 52. Kc4 Nd2+ 53. Kc5 Ke7 54. d5 b1Q 55. Bxb1 Nxb1 56. Kc6 Nc3 57. d6+ Ke8 58. e6 Kd8 59. e7+ 1/2-1/2